| 000 | 00420nam a2200157 i 4500 | ||
|---|---|---|---|
| 001 | 60306 | ||
| 003 | ES-MaACL | ||
| 005 | 20230906164215.0 | ||
| 007 | t| | ||
| 008 | 031104s1963 sp ||||1| spa d | ||
| 100 | 1 |
_aEscoda, Delfín. _947577 |
|
| 245 | 1 | 3 |
_aEl castillo / _cDelfín Escoda. |
| 260 |
_aBarcelona : _bTrimer, _c[1963] |
||
| 300 |
_a56 p. : _b1 retr. aut. ; _c17 cm. |
||
| 852 |
_aES-MaACL _jC-23314 _bR.51983 |
||
| 999 |
_c60306 _d60306 |
||